| 000 | 00622nam a2200193 a 4500 | ||
|---|---|---|---|
| 005 | 20210219160216.0 | ||
| 008 | 080925s1986 mx r 000 0 spa d | ||
| 035 | _aUPN01000160976 | ||
| 049 | _aUNE | ||
| 080 | _aDO 341.16: 001 (093.2) 1986 RES 124a. | ||
| 110 | 2 |
_aUNESCO. Consejo Ejecutivo _n(124a. : _d1986 : _cParís) |
|
| 245 | 1 | 0 | _aActas Resumidas. |
| 260 |
_aParís : _bUNESCO, _c1986. |
||
| 300 | _a241 p. | ||
| 500 | _aIncluye texto en inglés, francés, chino, ruso y español | ||
| 690 | _aAcuerdos- Consejo ejecutivo de la UNESCO | ||
| 690 | _aConsejo ejecutivo de la UNESCO- Acuerdos | ||
| 905 | _aUNESCO | ||
| 999 |
_c133089 _d133089 |
||